[Event "POL-chT 1st League 2020"]
[Site "Ustron"]
[Date "2020.09.09"]
[Round "5.24"]
[White "Starosta, Martyna"]
[Black "Andrejczuk, Beata"]
[Result "1-0"]
[WhiteElo "2038"]
[BlackElo "2024"]
[Annotator "TA"]
[PlyCount "72"]
[EventDate "2020.09.05"]
[EventType "team-tourn"]
[EventCountry "POL"]
[SourceTitle "playchess.com"]
[Source "ChessBase"]
[SourceQuality "1"]

{[%evp 9,72,47,58,54,53,50,47,43,41,45,58,13,0,7,10,7,27,10,29,-6,28,28,34,25,28,26,66,61,61,60,62,61,150,147,131,135,202,73,85,79,73,83,196,156,378,323,329,337,329,327,459,452,681,673,627,-40,-69,-29987,589,599,29976,29974,29983,29984,29994]} 1. e4 d5 2. exd5 Qxd5 3. Nc3 Qd8 4. d4 Nf6 5. Nf3 g6 6. Bc4 {B01: Scandinavian Defence.} Bg7 7. O-O O-O 8. h3 {White is slightly better.} b6 9. Bf4 Nc6 {[#]} 10. Nb5 $146 ({Predecessor:} 10. d5 Na5 11. Be2 e6 12. dxe6 Bxe6 13. Qxd8 Raxd8 14. Bxc7 Rc8 15. Be5 Nc6 16. Bh2 {1-0 (43) Caruana,F (2835)-Wei,Y (2732) chess.com INT 2020}) 10... a6 11. Na3 ({But not} 11. Bxc7 Qd7 $17) ({Reject} 11. Nxc7 Ra7 $15) 11... Bb7 12. c3 e6 13. Re1 Ne7 14. Bd3 Nf5 15. Be5 Nd5 16. Bxg7 Kxg7 17. Nc4 Nh4 18. Nxh4 Qxh4 19. Be4 Rad8 20. Ne5 f5 (20... Ba8 $14) 21. Bf3 $1 $16 Bc8 22. Qb3 g5 (22... Rd6 $16 23. Rad1 Kg8) 23. Nc6 (23. Qc4 $1 $18) 23... Rd6 24. Bxd5 exd5 25. Re7+ Kh8 (25... Rf7 $16 {was worth a try.}) 26. Rxc7 f4 $2 (26... g4 $16 {might work better.} 27. Ne5 Kg8) 27. Qb4 Qh6 28. Re1 a5 29. Qa3 $1 (29. Qxb6 Bxh3 30. Ree7 Bf5 $18) 29... f3 (29... Bf5 $142 30. f3 Rd7) 30. Ree7 $18 {Threatening mate with Qxd6!} Bf5 (30... Rdf6 $142 31. Ne5 fxg2 32. Nf7+ (32. Rxh7+ Qxh7 33. Rxh7+ Kxh7 $16) 32... R8xf7 33. Rxf7 Bxh3) 31. Ne5 {Strongly threatening Ng4.} g4 {[#] ( -> ...Qc1+)} 32. Nf7+ $2 (32. Ng6+ $1 $18 {[%mdl 512]} Rxg6 33. Rxh7+ {[%mdl 64] Overworked Piece} Qxh7 34. Rxh7+ Kxh7 35. Qxf8) 32... Rxf7 $1 $15 33. Rxf7 $4 {[%mdl 8192]} (33. Qxd6 $15 Qxd6 34. Rxf7 gxh3 35. g3) 33... g3 $4 {[%mdl 8192]} (33... gxh3 {and all is fine.} 34. Rxh7+ Bxh7 35. Rc8+ Bg8 36. Qxd6 Qxd6 37. g3 {[#]} h2+ $1 {[%mdl 512]} 38. Kh1 Qh6 39. Rc6 Qxc6 40. b4 Qh6 41. bxa5 Qh3 42. axb6 Qg2#) 34. fxg3 $18 f2+ 35. Kxf2 Bd7 36. Rcxd7 Qd2+ {Quite a comeback for White. Accuracy: White = 71%, Black = 43%.} 1-0

[Event "POL-chT 1st League 2020"]
[Site "Ustron"]
[Date "2020.09.09"]
[Round "5.25"]
[White "Ponizil, Cyril"]
[Black "Szwed, Jacek"]
[Result "1-0"]
[WhiteElo "2507"]
[BlackElo "2380"]
[Annotator "TA"]
[PlyCount "118"]
[EventDate "2020.09.05"]
[EventType "team-tourn"]
[EventCountry "POL"]
[SourceTitle "playchess.com"]
[Source "ChessBase"]
[SourceQuality "1"]

{[%evp 16,118,25,18,31,-15,44,18,38,40,49,0,22,35,59,54,58,47,80,90,85,56,54,54,45,47,51,35,60,45,123,94,161,155,137,138,431,197,204,187,195,193,185,191,219,204,219,216,272,190,233,242,181,235,218,62,70,70,70,87,52,22,273,263,458,455,451,447,297,291,266,132,138,15,20,15,34,21,77,8,6702,11070,6382,6111,5401,5462,3164,2362,29967,29970,29968,29967,29961,29967,29967,29971,29973,29975,29985,29986,29986,29987,29988,29989,29990]} 1. e4 e6 2. d3 c5 3. g3 Nc6 4. Bg2 g6 5. f4 Bg7 6. Nf3 d6 7. O-O Nge7 8. c3 O-O 9. Na3 e5 {B20: Sicilian: Unusual White 2nd moves.} 10. Be3 b6 {[#]} (10... exf4 $11 11. Bxf4 d5) 11. Nc4 $146 (11. f5 $5) ({Predecessor:} 11. d4 exd4 12. cxd4 Ba6 13. Rf2 Re8 14. Rd2 Qc8 15. Bf2 Nb4 16. dxc5 dxc5 17. e5 h6 18. Nc2 {½-½ (51) Kunin,V (2592)-Debashis,D (2459) Barcelona 2016}) 11... exf4 {The position is equal.} 12. Bxf4 d5 13. Ne3 {And now exd5 would win.} Bb7 14. e5 Qd7 15. d4 cxd4 16. cxd4 f6 17. exf6 Bxf6 18. Bh6 Bg7 19. Bxg7 Kxg7 20. Qd2 Qd6 21. Rae1 Ba6 22. Rf2 Nb4 (22... Rae8 $14) 23. Bf1 Bxf1 (23... Bc8 $16) 24. Rexf1 $18 Ng8 25. Ne5 Nf6 $2 {[%mdl 8192]} (25... Rxf2 $16 26. Rxf2 (26. Qxf2 Rf8 $16) 26... Rf8) 26. Rxf6 (26. Nxg6 $142 {Black must now prevent Nf5+.} hxg6 27. Nf5+ $1 {[%mdl 512]} gxf5 28. Qg5+ {[%mdl 64] Double Attack} Kh8 29. Qh6+ Kg8 30. Rxf5) 26... Rxf6 27. Rxf6 Kxf6 28. Qxb4 {[%mdl 64] Remove Defender, Deflection, Decoy} Qxb4 29. Nxd5+ {[%mdl 64] Double Attack} Kf5 30. Nxb4 Ke4 31. Nbc6 Rf8 32. Kg2 ({Don't play} 32. Nxa7 $6 Kxd4 33. Nd7 Ra8 $16) 32... g5 33. a4 h5 34. Nxa7 Kxd4 35. Nf3+ $2 (35. Nd7 $18 Re8 36. Nc6+ (36. Nxb6 Re2+ 37. Kg1 Rxb2 $11) 36... Kd3 37. Nce5+ Ke2 38. Nc4) 35... Ke3 $14 36. Nxg5 Rf2+ 37. Kh3 {aiming for b4.} Rxb2 38. Nc8 Kd4 $2 {[%mdl 8192]} (38... Rb4 $1 $11) 39. Ne6+ $18 Kd5 $2 (39... Ke4 40. Ng7 h4) 40. Nf4+ Kc6 41. Na7+ Kb7 42. Nb5 Rb4 43. Nc3 (43. Nxh5 $18 {is the precise move to win. Nf4 is the strong threat.} Rxa4 44. Nf6) 43... Rc4 $16 44. Ncd5 ({Better is} 44. Nfd5 $16) 44... Rxa4 $11 45. Kh4 b5 46. Kxh5 {Threatens to win with h4.} Kc6 {[#]} (46... Rd4 $11 {remains equal.}) 47. h4 (47. Ne3 $1 $16) 47... Rd4 $2 {[%mdl 8192]} (47... b4 $11 48. Ne7+ Kd6) 48. g4 $18 b4 {[#]} 49. g5 $1 {[%cal Rg5g6]} b3 50. g6 b2 51. Nc3 Rxf4 {[%mdl 4096] Endgame KR-KN} 52. g7 {White mates.} Rf5+ 53. Kg6 Rf3 54. g8=Q Rg3+ 55. Kh7 Rxg8 56. Kxg8 Kc5 57. Na4+ {[%mdl 64] Double Attack} Kd4 58. Nxb2 Ke5 59. h5 Kd5 {Accuracy: White = 59%, Black = 52%.} 1-0

[Event "POL-chT 1st League 2020"]
[Site "Ustron"]
[Date "2020.09.09"]
[Round "5.26"]
[White "Zylka, Stanislaw"]
[Black "Paszewski, Mateusz"]
[Result "0-1"]
[WhiteElo "2377"]
[BlackElo "2275"]
[Annotator "TA"]
[PlyCount "62"]
[EventDate "2020.09.05"]
[EventType "team-tourn"]
[EventCountry "POL"]
[SourceTitle "playchess.com"]
[Source "ChessBase"]
[SourceQuality "1"]

{[%evp 12,62,9,0,13,18,6,-25,-27,-33,-20,-18,-21,-33,-31,-18,-17,-33,-37,-66,-66,-66,-47,-60,-53,-53,-53,-63,-52,-68,-61,-76,-76,-76,-76,-100,-97,-89,-76,-127,-52,-76,0,0,660,-1217,618,-1168,1189,-29993,926,785,5297]} 1. Nf3 d5 2. c4 c6 3. Qc2 Nf6 4. g3 g6 5. Bg2 Bg7 6. O-O O-O 7. b3 {[#]} e5 $1 {[%mdl 512] A11: English Opening: 1...c6.} 8. Nxe5 Ng4 9. d4 Nxe5 {Black has an edge.} 10. dxe5 Bxe5 11. Bb2 Bf5 12. Qd2 Bxb2 13. Qxb2 dxc4 {[#]} 14. Nd2 $146 {[%cal Bb1d2,Bd2c4,Bc4d6][%mdl 32]} ({Predecessor:} 14. bxc4 Qb6 15. Qc3 Na6 16. e4 Be6 17. Nd2 Qb4 18. Qxb4 Nxb4 19. Rab1 Nxa2 20. Rxb7 {0-1 (40) Minasian,A (2568)-Gustafsson,J (2646) Rijeka 2010}) 14... cxb3 15. Nc4 Qe7 16. axb3 Nd7 17. Rfd1 Be6 18. Nd6 Nb6 19. e4 f6 20. f4 Nc8 21. Nxc8 Rfxc8 22. b4 Rd8 23. h3 Rxd1+ 24. Rxd1 Kf7 25. Rd4 (25. Qc3 $142) 25... b6 (25... a5 $17 {aiming for ...a4.} 26. f5 gxf5 27. exf5 Bxf5) 26. e5 c5 (26... fxe5 $17 27. fxe5 Rc8) 27. bxc5 $11 Qxc5 $2 {[%mdl 8192]} (27... bxc5 $11 28. f5 gxf5) 28. Kf2 $4 {[%mdl 8192]} (28. Bxa8 $18 fxe5 29. fxe5) 28... b5 $4 {[%mdl 8192]} (28... Rd8 $19 29. Ke3 fxe5 30. fxe5 Qxe5+ {[%mdl 64] Double Attack} 31. Be4 Qxg3+ {[%mdl 64] Double Attack} 32. Bf3 Qe1+ 33. Qe2 Qg1+ 34. Qf2 Qxf2+ {[%mdl 64] Overworked Piece} 35. Kxf2 Rxd4) 29. h4 $4 {[%mdl 8192]} (29. Bxa8 $18 a5 30. Kg2) 29... Qxd4+ $4 {[%mdl 8192]} (29... Rd8 $19 30. Qb4 Qxd4+ 31. Qxd4 Rxd4) 30. Kf3 $4 {[%mdl 8192]} (30. Qxd4 $18 fxe5 31. fxe5) 30... Qc3+ $4 {[%mdl 8192]} (30... Qxb2 31. Bf1 Bd5+ 32. Ke3 fxe5 33. Bxb5 exf4+ 34. gxf4 Qxb5 35. Kd2 Re8 36. Kc2 Re2+ 37. Kd1 Qd3+ 38. Kc1 Qc2#) 31. Qxc3 $18 {[#] Strongly threatening Qc7+.} Bd5+ {[%mdl 32768] Accuracy: White = 53%, Black = 59%. . Loss on time!?} 0-1

[Event "POL-chT 1st League 2020"]
[Site "Ustron"]
[Date "2020.09.09"]
[Round "5.27"]
[White "Ciesla, Adam"]
[Black "Koziol, Kamil"]
[Result "0-1"]
[WhiteElo "2294"]
[BlackElo "2296"]
[Annotator "TA"]
[PlyCount "92"]
[EventDate "2020.09.05"]
[EventType "team-tourn"]
[EventCountry "POL"]
[SourceTitle "playchess.com"]
[Source "ChessBase"]
[SourceQuality "1"]

{[%evp 10,92,16,11,38,14,17,13,29,26,19,3,10,0,43,12,75,82,85,33,75,64,64,50,74,12,16,0,20,0,0,0,0,0,3,0,17,-56,-67,-65,-52,-118,-126,-124,-122,-149,-146,-158,-137,-177,-178,-552,-130,-149,-156,-240,-181,-169,-173,-253,-235,-336,-323,-313,-235,-335,-350,-373,-204,-651,-580,-1916,-1894,-29959,-12851,-29996,-29995,-29995,-29996,-29996,-29997,-29997,-29998,-29998,-29999]} 1. e4 c5 2. Nf3 e6 3. b3 Nc6 4. Bb2 d6 5. d4 cxd4 6. Nxd4 e5 {B50: Sicilian: 2...d6, Miscellaneous.} 7. Nxc6 bxc6 8. c4 Nf6 {The position is equal.} 9. Nc3 Be7 10. g3 {[#]} Bg4 $146 ({Predecessor:} 10... Nd7 11. Bg2 O-O 12. O-O Nc5 13. b4 Ne6 14. b5 Bd7 15. a4 a6 16. bxc6 Bxc6 {1-0 (67) Shtyrenkov,V (2393)-Kovalenko,I (2503) Alushta 2010}) 11. Qd3 h5 12. Bg2 Qc8 (12... Nd7 $11 {keeps the balance.}) 13. h3 $16 Be6 14. Rd1 ({Better is} 14. f4 $16) 14... O-O 15. Qe2 g6 16. Bc1 Ne8 17. g4 (17. f4 $16) 17... Ng7 $11 18. Bh6 hxg4 19. hxg4 Bxg4 20. f3 Bh5 21. Bh3 Qd8 22. Bg4 Bh4+ 23. Kd2 (23. Kf1 $1 $11) 23... Bg5+ $15 24. Bxg5 Qxg5+ 25. Kc2 {[#]} (25. Qe3 $15 Qxe3+ 26. Kxe3) 25... Bxg4 $1 $17 26. fxg4 {[#] Threatens to win with Qh2.} Ne6 $1 {[%cal Re6d4] And now ...Nd4+ would win.} 27. Qh2 {[%csl Gh1][%cal Rh2h8]} ({Don't go for} 27. Rxd6 $2 Nd4+ 28. Rxd4 exd4 $19) 27... Kg7 28. Qh7+ ({Don't blunder} 28. Rxd6 $2 Rh8 $19) 28... Kf6 29. Rxd6 Ke7 30. c5 $2 (30. Rd3 {is a better chance.}) 30... Rad8 $2 (30... Nd4+ $19 {and Black stays clearly on top.} 31. Kd3 Rh8 32. Qxh8 Rxh8 33. Rxh8 Qf4) 31. Rf1 Qxg4 ({Reject} 31... Rxd6 $6 32. cxd6+ Ke8 33. Qh2 $15) 32. Kb1 (32. Qh2 $17) 32... Rxd6 33. cxd6+ Kxd6 34. Rxf7 (34. Qh2 $142) 34... Qg1+ $19 35. Kb2 (35. Kc2 $142 Rxf7 36. Qxf7) 35... Rxf7 36. Qxf7 Qe1 {aiming for ...Qd2+.} 37. Qf3 (37. Nb1 {keeps fighting.} Qe2+ 38. Ka1) 37... Qd2+ 38. Ka3 Nf4 (38... g5 $142 {Strongly threatening ...Nf4.} 39. Na4 a5) 39. Na4 $2 (39. b4) 39... a5 {( -> ...Qc1+)} 40. Nc3 g5 41. Nd1 {[#]} g4 $1 {[%mdl 512]} 42. Qxg4 Nd3 {[%csl Ga5,Gd3][%cal Rd2b4] Black mates.} 43. Qg6+ Kc5 {[%csl Ga5,Gc5,Gd3][%cal Rd2b4]} 44. Qg1+ Kb5 {[%csl Ga5,Gb5,Gd3][%cal Rd2b4]} 45. Nc3+ Qxc3 {[%csl Ga5,Gb5,Gd3][%cal Rc3b4]} 46. Qc5+ Kxc5 {Accuracy: White = 39%, Black = 71%.} 0-1

[Event "POL-chT 1st League 2020"]
[Site "Ustron"]
[Date "2020.09.09"]
[Round "5.29"]
[White "Flis, Jacek"]
[Black "Tomaszewski, Kacper"]
[Result "0-1"]
[WhiteElo "2214"]
[BlackElo "2341"]
[Annotator "TA"]
[PlyCount "42"]
[EventDate "2020.09.05"]
[EventType "team-tourn"]
[EventCountry "POL"]
[SourceTitle "playchess.com"]
[Source "ChessBase"]
[SourceQuality "1"]

{[%evp 11,42,15,23,9,26,-8,16,-10,-1,-14,-10,-38,-26,-39,-45,-54,-46,-56,-39,-47,-12,-447,-428,-845,-827,-857,-852,-812,-815,-768,-708,-650,-604]} 1. e4 c5 2. Nf3 e6 3. d4 cxd4 4. Nxd4 Bc5 5. Nb3 Bb6 6. Bd3 Ne7 7. O-O {B40: Sicilian: 2...e6, Unusual lines.} O-O 8. Kh1 f5 9. f4 {The position is equal.} fxe4 10. Bxe4 d5 11. Bf3 Nbc6 $36 {[%mdl 2048] Black has the initiative.} 12. Nc3 {[#]} Nf5 $146 ({Predecessor:} 12... a5 13. a4 Nf5 14. Nb5 Bd7 15. c3 Qf6 16. c4 Qh4 17. Qe1 dxc4 18. Qxh4 Nxh4 {½-½ (25) Molkanov,O (1585)-Thalhammer,K (1946) Prague 2015}) 13. g3 Rf6 14. Ne2 Rh6 15. c3 Kh8 16. Qd3 $2 {[%mdl 8192] [#]} (16. Qe1 $11) 16... e5 $1 $19 {( -> ...Nxg3+!). Black is clearly winning.} 17. Qc2 (17. Qd2 $142 e4 18. Bxe4 dxe4 19. Qxd8+ Bxd8 20. g4) 17... e4 18. Bg4 {[#]} Nxg3+ $1 {[%mdl 576] Discovered Attack} 19. Nxg3 Bxg4 20. f5 Rh3 21. Qg2 Qh4 {White did not feel at home in the position after the opening. Accuracy: White = 48%, Black = 92%.} 0-1

[Event "POL-chT 1st League 2020"]
[Site "Ustron"]
[Date "2020.09.09"]
[Round "5.30"]
[White "Kucharska, Honorata"]
[Black "Lach, Aleksandra"]
[Result "1-0"]
[WhiteElo "2237"]
[BlackElo "2188"]
[Annotator "TA"]
[PlyCount "112"]
[EventDate "2020.09.05"]
[EventType "team-tourn"]
[EventCountry "POL"]
[SourceTitle "playchess.com"]
[Source "ChessBase"]
[SourceQuality "1"]

{[%evp 9,112,53,62,60,74,80,83,72,81,75,78,52,68,36,71,82,87,72,87,73,77,84,87,87,88,76,82,39,57,41,20,44,42,27,62,50,32,45,57,65,68,66,59,57,115,122,180,81,81,52,52,52,60,47,47,47,100,109,99,98,197,200,176,166,157,149,321,316,412,407,386,403,368,498,503,504,487,485,543,544,544,542,544,544,544,544,480,466,909,657,2191,4634,2852,4153,29953,4690,29982,29974,29981,29982,29981,29978,29975,29977,29989]} 1. d4 c5 2. d5 f5 3. g3 g6 4. Bg2 Bg7 5. c4 d6 6. Nh3 {A43: Schmid Benoni.} Qb6 {[#]} 7. Qc2 $146 ({Predecessor:} 7. Nd2 Nf6 8. O-O Nbd7 9. a4 Ne5 10. Ra3 Rb8 11. Ng5 h6 12. Ngf3 O-O 13. e4 Nxf3+ 14. Bxf3 {1-0 (30) Romanishin,O (2547)-Pfleger,M (2217) Bad Wiessee 2005}) 7... Nd7 8. O-O {White is better.} Ne5 9. Nf4 Nf6 10. Nd2 O-O 11. Nf3 Nf7 12. Rb1 a5 13. b3 Ne4 14. Bb2 Bxb2 15. Qxb2 Qb4 16. Rfc1 $1 Qb6 17. h4 a4 18. h5 g5 19. Ne6 $1 Bxe6 $1 20. dxe6 $40 {[%mdl 128] White mounts an attack.} Nd8 21. Nd2 a3 22. Qc2 Nxd2 23. Qxd2 h6 24. b4 cxb4 $1 25. Rxb4 Qa5 26. Qc3 Rf6 ({Black should try} 26... Ra7 $14) 27. Bd5 $16 ({But not} 27. Bxb7 $6 Nxb7 28. Rxb7 Qxc3 $11) 27... Kf8 (27... Kg7 $16) 28. Kg2 (28. Rcb1 $1 $18) 28... Rc8 29. Rb5 Qxc3 30. Rxc3 Nxe6 31. Bxb7 Rc7 32. Bd5 Nd4 (32... Nc5 $14) 33. Rb8+ ({Don't play} 33. Rxa3 $6 e6 $11) 33... Kg7 34. e3 e6 {[#]} (34... Ne6 $16) 35. Ba8 $1 $18 ({Resist} 35. exd4 $6 exd5 36. c5 dxc5 $16) 35... Nc6 {[#]} 36. Bxc6 $1 Rxc6 37. Rxa3 {[%mdl 4096] Endgame KRR-KRR} Rf7 $2 {Now Black is done in.} (37... Rxc4 $16 38. Rb6 Rf7) 38. Raa8 f4 39. Rg8+ Kf6 40. Rg6+ Kf5 41. exf4 Rxc4 42. Re8 e5 43. f3 e4 44. Rxe4 Rxe4 45. fxe4+ Kxe4 46. fxg5 hxg5 47. Rxd6 {KR-KR} g4 {intending ...Ra7.} 48. a4 {[%cal Ba2a4,Ba4a5,Ba5a6][%mdl 32]} Rh7 (48... Ra7 $142 49. Rf6 Ke5) 49. h6 Ke5 50. Rb6 Rc7 51. a5 Rc2+ 52. Kf1 Ke4 53. Rb4+ {White mates.} Kf3 54. Rb3+ Ke4 55. a6 Rc7 56. Ra3 Kd5 {Accuracy: White = 86%, Black = 55%.} 1-0

[Event "POL-chT 1st League 2020"]
[Site "Ustron"]
[Date "2020.09.10"]
[Round "6.1"]
[White "Kolago, Marcin"]
[Black "Zylka, Stanislaw"]
[Result "1/2-1/2"]
[WhiteElo "2342"]
[BlackElo "2377"]
[Annotator "TA"]
[PlyCount "32"]
[EventDate "2020.09.05"]
[EventType "team-tourn"]
[EventCountry "POL"]
[SourceTitle "playchess.com"]
[Source "ChessBase"]
[SourceQuality "1"]

{[%evp 9,19,-31,16,0,0,-5,-3,-13,0,-6,-7,-22]} 1. g3 e5 2. Bg2 Nf6 3. d3 d5 4. Nf3 Bd6 5. c4 dxc4 6. Qa4+ {The position is equal. A00: Irregular Openings.} Nc6 {With the idea ...cxd3.} 7. Qxc4 Be6 8. Qa4 O-O 9. Nc3 h6 10. O-O {[#] Not much happened in this game.} {Predecessor:} a6 $146 11. a3 Qd7 12. b4 Bh3 13. Bb2 Qg4 14. b5 Qxa4 15. Nxa4 Bxg2 16. Kxg2 axb5 {0-1 (33) Oria Blasco,A (1838)-Alvarez Fernandez,E (2303) Trevias 2018} 1/2-1/2

[Event "POL-chT 1st League 2020"]
[Site "Ustron"]
[Date "2020.09.10"]
[Round "6.2"]
[White "Koziol, Kamil"]
[Black "Wiewiora, Eneasz"]
[Result "1/2-1/2"]
[WhiteElo "2296"]
[BlackElo "2346"]
[Annotator "TA"]
[PlyCount "34"]
[EventDate "2020.09.05"]
[EventType "team-tourn"]
[EventCountry "POL"]
[SourceTitle "playchess.com"]
[Source "ChessBase"]
[SourceQuality "1"]

{[%evp 9,21,14,37,39,31,10,19,8,30,15,38,35,65,37]} 1. e4 d6 2. d4 Nf6 3. Nc3 e5 4. Nf3 Nbd7 5. Rg1 g6 6. g4 {C41: Philidor Defence.} Bg7 7. g5 Nh5 8. Be3 O-O 9. Qd2 c6 10. O-O-O Qa5 11. Kb1 {[#] Black did not feel at home in the position after the opening.} {Predecessor:} b5 $146 12. dxe5 b4 13. Ne2 Nxe5 14. Nxe5 dxe5 15. Nc1 Be6 16. Be2 Rfd8 17. Qe1 Nf4 {½-½ (25) Riff,J (2494)-Relange,E (2456) Brest 2019} 1/2-1/2

[Event "POL-chT 1st League 2020"]
[Site "Ustron"]
[Date "2020.09.10"]
[Round "6.3"]
[White "Zezulkin, Jurij"]
[Black "Nowak, Mikolaj"]
[Result "1/2-1/2"]
[WhiteElo "2410"]
[BlackElo "2279"]
[Annotator "TA"]
[PlyCount "111"]
[EventDate "2020.09.05"]
[EventType "team-tourn"]
[EventCountry "POL"]
[SourceTitle "playchess.com"]
[Source "ChessBase"]
[SourceQuality "1"]

{[%evp 26,111,17,25,22,13,13,21,4,13,15,7,12,8,14,6,4,0,30,32,50,28,33,-13,0,0,17,17,19,0,0,0,2,0,26,-34,-10,-29,0,0,3,6,10,0,22,8,10,0,24,0,0,0,68,7,77,58,116,120,114,115,141,140,136,139,147,137,125,70,80,80,62,96,83,84,88,42,64,0,30,0,0,0,0,-89,-74,-75,0,-90]} 1. e4 c6 2. d4 d5 3. Nc3 dxe4 4. Nxe4 Bf5 5. Ng3 Bg6 6. h4 h6 7. Nf3 Nd7 8. h5 Bh7 9. Bd3 Bxd3 10. Qxd3 e6 11. Bd2 Ngf6 12. O-O-O Be7 13. Ne4 Nxe4 14. Qxe4 Nf6 {B19: Classical Caro-Kann: 4...Bf5 main line.} 15. Qd3 c5 {Nowadays more popular than 15...0-0.} 16. Qb5+ Qd7 17. Qxd7+ Nxd7 18. Bc3 {[#]} Nf6 $146 ({Predecessor:} 18... Bf6 19. Rhe1 O-O-O 20. Re4 cxd4 21. Bxd4 Bxd4 22. Rexd4 f5 23. Rc4+ Kb8 24. Rcd4 {½-½ (24) Yu,R (2538)-Parligras,M (2635) Fujairah 2012}) 19. d5 Nxd5 20. Bxg7 Rh7 $1 {[%cal Rh7g7]} 21. Be5 c4 22. Rhe1 Rc8 23. Re4 a6 24. Rg4 Kf8 25. c3 b5 26. Kc2 Bc5 27. Nd4 Ke7 28. Bg3 Rhh8 29. a4 bxa4 30. Ra1 (30. Re4 $11 Bxd4 31. Rdxd4) 30... a3 31. bxa3 Bd6 (31... Rhg8 $5 {[%cal Rg8g4]} 32. Nc6+ {[%mdl 64] Discovered Attack} Kf6 33. Rxg8 Rxg8 $11) 32. Bh4+ Kf8 33. Re4 Rg8 34. g4 Rb8 35. Nc6 Rc8 $1 {[%cal Rc8c6]} 36. Nd4 Rb8 37. f3 Kg7 38. Nc6 $36 {[%mdl 2048] Black is under pressure.} Rb5 (38... Rb7 $11) 39. a4 (39. Bf2 $1 $14) 39... Rc5 (39... Rb7 $11) 40. Nb4 $16 Ra5 (40... Nf6 $14 41. Bxf6+ Kxf6) 41. Nxd5 exd5 42. Ree1 Rb8 43. Bf2 Bc5 44. Bg3 Rb7 {[#]} 45. Re8 $1 Be7 46. Be5+ (46. Rb8 $16 Rxb8 47. Bxb8) 46... Bf6 $14 47. Bxf6+ Kxf6 $16 {[%mdl 4096] Endgame KRR-KRR} 48. Rg8 d4 49. cxd4 Rb3 50. f4 Rf3 51. f5 (51. Rc8 $14) 51... Rg3 52. Rb1 {aiming for Rb4.} Rxa4 {Strongly threatening ...Ra2+.} 53. Rb6+ Ke7 54. Ra8 (54. Rxh6 {leads to mate.} Ra2+ 55. Kb1 Rf2 56. Re6+ fxe6 57. f6+ Kd7 58. Rg7+ Kd6 59. Rd7+ Kxd7 60. h6 Rg1#) (54. Kb2 $11) 54... Ra2+ $17 55. Kb1 {[#]} Rf2 (55... Rd2 $1 $17 {[%cal Rg3g1]} 56. Ka1 Ra3+ 57. Kb1 Rf3) 56. Ra7+ {Black escapes into a draw. Accuracy: White = 75%, Black = 72%.} (56. f6+ $1 $11 {remains equal.} Kd7 57. Ra7+ Kc8 58. Rb2 Rg1+ 59. Ka2 Rxf6 60. Ra8+ Kc7 61. Ra7+ Kc8 62. Ra8+ Kd7 63. Ra7+ Kc8) 1/2-1/2

[Event "POL-chT 1st League 2020"]
[Site "Ustron"]
[Date "2020.09.10"]
[Round "6.4"]
[White "Tomaszewski, Kacper"]
[Black "Rawicz, Karol"]
[Result "1/2-1/2"]
[WhiteElo "2341"]
[BlackElo "2225"]
[Annotator "TA"]
[PlyCount "43"]
[EventDate "2020.09.05"]
[EventType "team-tourn"]
[EventCountry "POL"]
[SourceTitle "playchess.com"]
[Source "ChessBase"]
[SourceQuality "1"]

{[%evp 15,30,0,7,0,19,20,22,6,6,-37,-31,-36,-35,-44,-7,-13,0]} 1. d4 d5 2. c4 e6 3. Nf3 Nf6 4. Nc3 Be7 5. Bf4 O-O 6. e3 Nbd7 7. c5 c6 8. Bd3 {8.h3 is more advanced technology.} b6 9. b4 {D37: Queen's Gambit Declined: 5 Bf4.} a5 10. a3 Ba6 {[#] aiming for ...Bxd3.} 11. Bxa6 Rxa6 12. b5 cxb5 13. c6 Qc8 14. c7 b4 (14... Bxa3 $5 {[%cal Ra3b4]} 15. Nxb5 (15. Rxa3 b4 $15 {[%mdl 64] Double Attack}) 15... Bb4+ 16. Ke2 Ne4 $11) 15. Nb5 bxa3 {[#]} {Predecessor:} 16. O-O $146 Nh5 17. Qc2 Nxf4 18. exf4 Qb7 19. Ne5 Nc5 20. dxc5 bxc5 21. Rfb1 c4 22. Nd7 {½-½ (32) Sedlak,N (2557)-Pavlovic,M (2534) Vrnjacka Banja 2010} 1/2-1/2